Missing Vowels-Fruit - Statistics

General Stats
  • This quiz has been taken 50 times
  • The average score is 12 of 15
Answer Stats
Hint Answer % Correct
KW Kiwi
100%
PNPPL Pineapple
100%
RSPBRRY Raspberry
100%
WTRMLN Watermelon
100%
MNG Mango
98%
PR Pear
95%
BNN Banana
90%
RSN Raisin
88%
RNG Orange
86%
KMQT Kumquat
83%
CNTLP Cantaloupe
81%
PRCT Apricot
71%
DRN Durian
52%
PML Pomelo
45%
DMSN Damson
31%
No matching quizzes found
Score Distribution
Percent of People with Each Score
Percentile by Number Answered
Your Score History
You have not taken this quiz